• 首页
  • 本馆介绍
  • 公告通知
  • 最新文献
  • 馆藏检索
  • 电子资源
  • 读者导购
  • 参考咨询
  • 我的图书馆
  • 登录
  • 详细信息显示
  • 放入我的书架
  • 预约/预借图书
  • 作者相关作品
  • 分类相关作品
  • 丛书相关作品
  • 出版社相关作品

书目信息

  • 表格格式
  • 工作单格式
  • 卡片格式
题名:
环境评价方法与实践
    
 
作者: 金腊华 , 邓家泉 , 吴小明 编
分册:  
出版信息: 北京   化学工业出版社  2005
页数: 351页
开本: 26cm
丛书名:
单 册:
中图分类: X82
科图分类:
主题词: 环境质量--评价--高等学校--教材 , 环境质量
电子资源:
ISBN: 7-5025-6314-8
000 01024nam0 2200265 450
001 012007791410
005 20070517143423.32
010    @a7-5025-6314-8@dCNY48.00
100    @a20070516d2005 km y0chiy0120 ea
101 0  @achi
102    @aCN@b110000
105    @ay z 000yy
106    @ar
200 1  @a环境评价方法与实践@Ahuan jing ping jia fang fa yu shi jian@f金腊华,邓家泉,吴小明编@Fjin la hua,deng jia quan,wu xiao ming bian
210    @a北京@c化学工业出版社@d2005
215    @a351页@d26cm
330    @a全书共分10章, 包括环境评价基础知识、环境质量评价技术方法、环境影响评价技术方法、环境影响预测方法、生态环境影响评价方法、环境风险评价方法、环境影响的减缓措施与策略、区域环境影响评价、环境影响评价文书格式、环境影响评价收费预算方法与标准。
606 0  @a环境质量@x评价@x高等学校@j教材
606 0  @a环境质量
690    @aX82@v4
701  0 @a金腊华@Ajin la hua@c(教授)@4编
701  0 @a邓家泉@Adeng jia quan@4编
701  0 @a吴小明@Awu xiao ming@4编
801  0 @aCN@bRULIN@c20070517
905    @dX82@e56@s8
    
    环境评价方法与实践/金腊华,邓家泉,吴小明编.-北京:化学工业出版社,2005
    351页;26cm
    
    
    ISBN 7-5025-6314-8:CNY48.00
    全书共分10章, 包括环境评价基础知识、环境质量评价技术方法、环境影响评价技术方法、环境影响预测方法、生态环境影响评价方法、环境风险评价方法、环境影响的减缓措施与策略、区域环境影响评价、环境影响评价文书格式、环境影响评价收费预算方法与标准。
●
相关链接 在E读中查询图书 在五车中查询图书 在当当中查询图书 在豆瓣中查询图书


正题名:环境评价方法与实践     索取号:X82/56         预约/预借

序号 登录号 条形码 馆藏地/架位号 状态 备注
1 0574557   205745577   第二样本阅览室/ [索取号:X82/56] 在馆    
2 0574558   205745586   第三借阅区/ [索取号:X82/56] 在馆    
3 0574559   205745595   第三借阅区/ [索取号:X82/56] 在馆    
4 0574560   205745602   第三借阅区/ [索取号:X82/56] 在馆    
5 0574561   205745611   第三借阅区/ [索取号:X82/56] 在馆    
6 0574562   205745620   第三借阅区/ [索取号:X82/56] 在馆    
7 0574563   205745639   第三借阅区/ [索取号:X82/56] 在馆    
8 0574564   205745648   第三借阅区/ [索取号:X82/56] 在馆    
唐山师范学院图书馆 欢迎您!
大连网信软件有限公司© 版权所有